000 00466nam a2200157 i 4500
001 71578
003 ES-MaACL
005 20230906171152.0
007 t|
008 180122s1911 it ||||1| ita d
100 1 _aButera, Antonio.
_9164097
245 1 3 _aLa rivendicazione nel diritto civile, commerciale e processuale /
_cAntonio Butera.
260 _aMilano :
_bSocietà Editrice Libraria,
_c1911.
300 _aXVIII, 598 p. ;
_c26 cm.
852 _aES-MaACL
_jA-20
999 _c71578
_d71578